Statistiques concernant Je vole - Aladdin [Paroles entières]

Cliquez ici pour prendre le quiz!

Statistiques générales

  • Ce quiz a été pris 222 fois
  • Le résultat moyen est 143 sur 239

Statistiques - réponses

XParoles% Correct
AladdinJe
99%
je
99%
vole
99%
à
95%
a
95%
de
93%
des
91%
la
90%
La
90%
Un
89%
un
89%
ce
87%
me
85%
pour
85%
le
83%
Le
83%
pas
81%
il
80%
c'est
79%
C'est
79%
comme
79%
ça
77%
Ca
77%
bien
75%
mais
75%
est
73%
loi
73%
manger
73%
ne
73%
tout
73%
AladdinTout
73%
aigle
72%
pain
71%
royal
71%
RepriseVoleur
71%
et
69%
Et
69%
morceau
69%
vivre
69%
voler
68%
gardes
67%
qui
67%
AladdinRien
67%
une
67%
barbe
65%
vaurien
65%
La FouleVaurien
65%
quand
64%
qu'un
64%
AladdinFaut
63%
FemmeQu'il
63%
qu'il
63%
ses
63%
au-dessus
62%
faire
61%
normal
61%
vous
61%
Brigand
60%
fois
59%
les
59%
lois
59%
veut
59%
autre
57%
mon
57%
moral
57%
payer
57%
sexy
57%
suis
57%
parents
56%
sa
56%
n'en
55%
chaparde
54%
roi
54%
l'expliquerai
53%
meilleure
53%
voleurs
53%
Abu
52%
raisons
52%
trognon
52%
en
50%
La FouleQu'on
50%
si
50%
j'ai
49%
bas
48%
barde
47%
Truand
47%
doux
46%
gentil
45%
doucement
42%
faim
41%
seul
41%
ami
39%
dans
39%
T'es
39%
jour
38%
La FouleNon
38%
décolle
37%
Ils
37%
m'y
37%
Alors
36%
dégringole
36%
sou
36%
cou
35%
passe
35%
crois
33%
casserole
32%
mieux
32%
légumes
31%
Pilleur
31%
filer
29%
blâmerais
28%
nom
28%
danse
27%
j'assume
27%
prendrai
27%
vaudrait
27%
veulent
27%
vie
27%
ici
25%
plume
25%
trancher
25%
fatale
24%
moi
24%
chute
23%
fais
23%
loups
23%
parmi
22%
décadence
21%
gogos
21%
Vandale
20%
Car
19%
cavale
19%
coeur
19%
l'agneau
18%
lire
17%
pouvaient
17%
S'ils
17%
l'animal
15%
FemmesDansons
14%
Scandale
14%
Verraient-ils
14%
infernale
13%
l'amour
13%
l'espoir
13%
mendiant
13%
poursuite
13%
quelle
13%
seigneur
13%
brûlent
12%
aboient
11%
chiens
11%
J'entends
11%
Parole
11%
Bandit
10%
ait
6%

Distribution des résultats

Percentile par nombre de réponses

% des personnes avec chaque résultat

Votre développement - résultats

Vous n’avez pas pris ce quiz